Normal view MARC view

Entry Topical Term

Number of records used in: 1

001 - CONTROL NUMBER

  • control field: 383212

003 - CONTROL NUMBER IDENTIFIER

  • control field: OSt

005 - DATE AND TIME OF LATEST TRANSACTION

  • control field: 20220927112137.0

008 - FIXED-LENGTH DATA ELEMENTS

  • fixed length control field: 220927|| aca||aabn | a|a d

040 ## - CATALOGING SOURCE

  • Original cataloging agency: OSt
  • Transcribing agency: OSt

150 ## - HEADING--TOPICAL TERM

  • Topical term or geographic name entry element: State Finance

670 ## - SOURCE DATA FOUND

  • Source citation: Work cat.: (OSt)699857: Government of India. Indian state finances(enquiry committee)(1948)(chairman : V T Krishnamachari) 383211, Supplementary report , 1948
Copyright @ Delhi University Library System